Catálogo
 En Linea

El burlador de Sevilla y convidado de piedra (Don Juan) / (Registro nro. 1495)

Detalles MARC
000 -CABECERA
campo de control de longitud fija 00922cam a2200241 a 4500
001 - NÚMERO DE CONTROL
campo de control 000001600
005 - FECHA Y HORA DE LA ÚLTIMA TRANSACCIÓN
campo de control 20200929145632.0
008 - DATOS DE LONGITUD FIJA--INFORMACIÓN GENERAL
campo de control de longitud fija 780601s1968 fr 000 d spa d
040 ## - FUENTE DE LA CATALOGACIÓN
Centro catalogador/agencia de origen DO-SdBNP
Lengua de catalogación spa
Centro/agencia transcriptor BNPHU
082 ## - NÚMERO DE LA CLASIFICACIÓN DECIMAL DEWEY
Número de clasificación 862.3
Número de documento/Ítem M722b, 1968
100 1# - ENTRADA PRINCIPAL--NOMBRE DE PERSONA
Nombre de persona Molina, Tirso de,
Fechas asociadas al nombre 1579-1648.
9 (RLIN) 5246
245 13 - MENCIÓN DE TÍTULO
Título El burlador de Sevilla y convidado de piedra (Don Juan) /
Mención de responsabilidad, etc. Tirso de Molina ; introducción, traducción y notas de Pierre Guenoun.
246 12 - FORMA VARIANTE DE TÍTULO
Título propio/Titulo breve L'Abuseur de Séville et l'invité de pierre (Don Juan) /
260 ## - PUBLICACIÓN, DISTRIBUCIÓN, ETC.
Lugar de publicación, distribución, etc. París :
Nombre del editor, distribuidor, etc. Aubier-Flammarion,
Fecha de publicación, distribución, etc. 1968.
300 ## - DESCRIPCIÓN FÍSICA
Extensión 191 p. ;
Dimensiones 18 cm.
490 1# - MENCIÓN DE SERIE
Mención de serie Bilingüe Aubier-Flammarion
Designación de volumen o secuencia 8
500 ## - NOTA GENERAL
Nota general Incluye texto a dos columnas en español y francés.
650 #4 - PUNTO DE ACCESO ADICIONAL DE MATERIA--TÉRMINO DE MATERIA
Término de materia o nombre geográfico como elemento de entrada Teatro español
9 (RLIN) 3071
650 #4 - PUNTO DE ACCESO ADICIONAL DE MATERIA--TÉRMINO DE MATERIA
Término de materia o nombre geográfico como elemento de entrada Literatura española
9 (RLIN) 632
650 #4 - PUNTO DE ACCESO ADICIONAL DE MATERIA--TÉRMINO DE MATERIA
Término de materia o nombre geográfico como elemento de entrada Comedia española
9 (RLIN) 3085
700 1# - PUNTO DE ACCESO ADICIONAL--NOMBRE DE PERSONA
Nombre de persona Guenoun, Pierre,
Término indicativo de función/relación ed.
9 (RLIN) 5247
830 #0 - PUNTO DE ACCESO ADICIONAL DE SERIE-TÍTULO UNIFORME
Título uniforme Bilingüe Aubier-Flammarion ;
Designación de volumen o secuencia 8
9 (RLIN) 5248
Existencias
Estado de retiro Estado de pérdida Restricciones de uso No para préstamo Código de colección Localización permanente Ubicación/localización actual Ubicación en estantería Fecha de adquisición Número de inventario Total de préstamos Signatura topográfica completa Código de barras Fecha visto por última vez Precio válido a partir de Tipo de ítem Koha Nota pública
        Monografías: Libros y Folletos General General Depósito 03.07.2009 LF1   862.3 M722b, 1968 1600-10 25.06.2020 25.06.2020 Préstamo en sala Perteneció a la biblioteca personal de Juan Isidro Jimenes Grullón

Con tecnología Koha